000
00246nam a22001217a 4500
040
_c
HS
082
_a
604
100
_a
NA
245
_a
គំនូរបច្ចេកទេស
260
_a
Cambodia
_b
NA
_c
1997
300
_a
115p;
942
_c
KB
999
_c
9346
_d
9346